Anales del reinado de Dª Isabel II (Record no. 37925)

MARC details
000 -LEADER
campo de control de longitud fija 00727nam a2200217 i 4500
001 - NÚMERO DE CONTROL
campo de control 37925
003 - IDENTIFICADOR DE NÚMERO DE CONTROL
campo de control ES-MaACL
005 - FECHA Y HORA DE LA ÚLTIMA TRANSACCIÓN
campo de control 20251217063016.0
007 - CAMPO FIJO DE DESCRIPCIÓN FÍSICA--INFORMACIÓN GENERAL
campo de control de longitud fija t|
008 - DATOS DE LONGITUD FIJA--INFORMACIÓN GENERAL
campo de control de longitud fija 030224s1850 sp ||||1| spa d
080 ## - NÚMERO DE LA CLASIFICACIÓN DECIMAL UNIVERSAL
Número de la Clasificación Decimal Universal 94(460)"1843/68"
100 0# - ENTRADA PRINCIPAL--NOMBRE DE PERSONA
Nombre de persona Burgos, Javier de,
Fechas asociadas al nombre 1778-1849
9 (RLIN) 32653
245 10 - MENCIÓN DEL TÍTULO
Título Anales del reinado de Dª Isabel II
Resto del título : obra póstuma /
Mención de responsabilidad, etc. Javier de Burgos ; [con una biografía del autor por A.P.].
260 ## - PUBLICACIÓN, DISTRIBUCIÓN, ETC.
Lugar de publicación, distribución, etc. Madrid :
Nombre del editor, distribuidor, etc. Mellado,
Fecha de publicación, distribución, etc. 1850.
300 ## - DESCRIPCIÓN FÍSICA
Extensión 6 t. en 3 v. ;
Dimensiones 22 cm.
500 ## - NOTA GENERAL
Nota general Incluye apéndices documentales y legislativos.
651 #4 - PUNTO DE ACCESO ADICIONAL DE MATERIA--NOMBRE GEOGRÁFICO
Nombre geográfico España-
Subdivisión general Historia-
Subdivisión geográfica 1843-1868, Isabel II
9 (RLIN) 8256
700 1# - ENTRADA AGREGADA--NOMBRE PERSONAL
Nombre de persona A. P.
9 (RLIN) 17880
852 ## - LOCALIZACIÓN
Ubicación ES-MaACL
Número de control de estantería C-180-82
Holdings
Estatus retirado Estado de pérdida Estado de daño No para préstamo Colección Biblioteca de origen Biblioteca actual Ubicación en estantería Fecha de adquisición Fuente de adquisición Total de préstamos Signatura topográfica completa Código de barras Visto por última vez Precio de reemplazo Tipo de ítem Koha
        Libros del s. XIX Biblioteca del Ateneo de Madrid Biblioteca del Ateneo de Madrid Galería 17/01/2008     C-180-82 1039930 23/02/2023 23/02/2023 Libro impreso antiguo